000 01010pam a2200289 a 4500
008
020 _a0781701031 (hbk.)
049 _aMAIN
090 _aQP552
_bGRO
245 0 0 _aGrowth factors in perinatal development /
_cedited by Reginald C. Tsang, James Lemmons, William F. Balistreri.
260 _aNew York :
_bRaven Press,
_cc1993.
300 _axviii, 125 p. :
_bill. ;
_c24 cm.
440 _aBristol-Myers Squibb/Mead Johnson nutrition symposia ;
_vvol. 12.
500 _alncludes index.
504 _aIncludes bibliographical references.
650 2 _aEmbryonic and Fetal Development
_xcongresses.
650 2 _aGrowth Substances
_xcongresses.
650 2 _aInfant, Newborn
_xgrowth & development
_xcongresses.
700 1 _aTsang, Reginald C.
700 1 _aLemmons, James.
700 1 _aBalistreri, William F.
907 _a.b10163980
_b23-07-12
_c26-05-05
003
005 20230123134029.0
040 _cNUST
942 _cBOOKS
_kQP552
_mGRO
999 _c158803
_d158803